[Event "38th ch-IND w Challengers"]
[Site "Chennai IND"]
[Date "2011.07.03"]
[Round "3"]
[White "Akshaya,A"]
[Black "Nimmy,A"]
[Result "1/2-1/2"]
[WhiteElo "1966"]
[BlackElo "2222"]

1.e4 c5 2.Nf3 d6 3.Bb5+ Nd7 4.O-O a6 5.Bxd7+ Bxd7 6.d3 Nf6 7.Re1 e5 8.Nbd2 Be7
9.Nf1 O-O 10.c3 h6 11.Ng3 Qc7 12.h3 Rfe8 13.Qe2 Be6 14.Nh2 d5 15.c4 dxc4
16.dxc4 b5 17.b3 bxc4 18.bxc4 Rab8 19.Nhf1 Qc6 20.Qc2 Rb4 21.Ne3 Qa4 22.Qc3 Nd7
23.Ba3 Rb7 24.Ngf5 Bf8 25.Rad1 Nb8 26.Nd6 Bxd6 27.Rxd6 Nd7 28.Red1 Reb8 29.Kh2 Rb6
30.R1d2 R8b7 31.Rxb6 Rxb6 32.Nd5 Rb8 33.Qd3 Kh7 34.Nc7 Bxc4 35.Qxd7 Qxa3
36.Qf5+ Kg8 37.Qxe5 Qb4 38.Rd7 Rc8 39.Ne8 Rxe8 40.Qxe8+ Kh7 41.Qe5 Bxa2 42.Qf5+ g6
43.Rxf7+ Bxf7 44.Qxf7+ Kh8 45.Qf8+ Kh7 46.e5 Qb3 47.Qxc5 Qf7 48.Kg1 Kg7 49.Qd6 Qf4
50.g3 Qc1+ 51.Kg2 Qc2 52.Qf6+ Kg8 53.e6 Qe4+ 54.Kg1 Qb1+ 55.Kh2 Qf5 56.Qd8+ Kg7
57.Qc7+ Kf8 58.Qd6+ Kg7 59.Qd4+ Kf8 60.Qd6+ Kg7 61.Qd7+ Kg8 62.Qd8+ Kg7 63.Qc7+ Kf8
64.Qd6+  1/2-1/2

[Event "1st ch-CHN Rapid Men Prelim"]
[Site "Hefei CHN"]
[Date "2011.07.03"]
[Round "3.11"]
[White "Wang Chen"]
[Black "Zhang Hong"]
[Result "1-0"]
[WhiteElo "2449"]
[BlackElo "2054"]

1.e4 c5 2.Nf3 d6 3.Bb5+ Bd7 4.Bxd7+ Qxd7 5.O-O Nc6 6.c3 Nf6 7.d4 cxd4 8.cxd4 d5
9.e5 Ne4 10.Ne1 h6 11.f3 Ng5 12.Nc3 e6 13.Be3 Be7 14.Qd3 Rd8 15.Rd1 Nh7 16.f4 O-O
17.Nf3 f5 18.exf6 Bxf6 19.h3 Be7 20.g4 Bd6 21.Ne2 Bb8 22.Nh4 Nf6 23.Ng6 Rf7
24.Ng3 Nh7 25.Kg2 Nf8 26.Nh4 Qe7 27.g5 hxg5 28.fxg5 Qd6 29.Bf2 e5 30.Ngf5 Qe6
31.dxe5 Nxe5 32.Qb1 Neg6 33.Rde1 Qa6 34.Bd4 Nxh4+ 35.Nxh4 Rxf1 36.Rxf1 Qe2+
37.Rf2 Qe4+ 38.Qxe4 dxe4 39.Nf5 Ne6 40.Be3 Kh7 41.h4 Kg6 42.Ne7+ Kh5 43.Rf7 Rd3
44.Kf2 Kg4 45.Ng6 Bg3+ 46.Ke2 Kh5 47.Re7 Rd6 48.Nh8 Bxh4 49.Nf7 Ra6 50.Rxb7 Rxa2
51.Kd1 a6 52.Re7 Kg6 53.Rxe6+ Kxf7 54.Rxe4 Bg3 55.Kc2 Ra5 56.Bd2 Rc5+ 57.Kd3 Be5
58.Rb4 Rd5+ 59.Ke2 a5 60.Rb6 a4 61.g6+ Ke7 62.Bb4+ Kd7 63.Bf8 Rd6 64.Be7  1-0

[Event "6th Dvorkovich Cup"]
[Site "Moscow RUS"]
[Date "2011.07.03"]
[Round "14.9"]
[White "Iskandarov,M"]
[Black "Lu Shanglei"]
[Result "0-1"]
[WhiteElo "2253"]
[BlackElo "2473"]

1.e4 c5 2.Nf3 d6 3.Bb5+ Nc6 4.O-O Bd7 5.c3 Nf6 6.Re1 a6 7.Bf1 Bg4 8.d4 cxd4
9.cxd4 e5 10.dxe5 dxe5 11.Qb3 Bc5 12.Bg5 Qb6 13.Qxb6 Bxb6 14.Nbd2 h6 15.Bxf6 gxf6
16.Nc4 Bc5 17.Nfd2 O-O-O 18.Nb3 Ba7 19.Rac1 Kb8 20.Ne3 Be6 21.Bxa6 Nb4 22.Bc4 Bxe3
23.fxe3 Nxa2 24.Rc2 Rc8 25.Bxe6 Rxc2 26.Bxf7 Rxb2 27.Nc5 Rd8 28.Be6 Rdd2
29.Bh3 Kc7 30.Ne6+ Kd6 31.Ng7 b5 32.Nf5+ Kc7  0-1

[Event "86th ch-Paris IdF"]
[Site "Paris FRA"]
[Date "2011.07.03"]
[Round "2.10"]
[White "Kalegin,E"]
[Black "Griffiths,R"]
[Result "1/2-1/2"]
[WhiteElo "2477"]
[BlackElo "2301"]

1.e4 c5 2.Nf3 d6 3.Bb5+ Nd7 4.c3 Nf6 5.Qe2 a6 6.Ba4 b5 7.Bc2 Bb7 8.O-O e6
9.d4 Be7 10.Re1 O-O 11.Nbd2 cxd4 12.cxd4 Qb6 13.e5 dxe5 14.dxe5 Nd5 15.Ne4 Rac8
16.Bg5 Bb4 17.Rec1 Rfe8 18.Qd3 g6 19.Bb3 Nc5 20.Nxc5 Bxc5 21.Rf1 a5 22.Qe2 Ne7
23.Rad1 Nf5 24.Rd2 Qc6 25.Rfd1 a4 26.Bc2 Bb4 27.Rd7 Be7 28.Bxf5 Bxg5 29.R7d6 Qc4
30.Qxc4 Rxc4 31.Nxg5 gxf5 32.f3 h6 33.Rd8 Rc8 34.Rxe8+ Rxe8 35.Nh3 Bd5 36.a3 Rc8
37.Rd2 Rc4 38.Kf2 f6 39.exf6 Kf7 40.g3 Kxf6 41.Nf4 Ke5 42.h4 Kd6 43.Ke3 Ke5
44.Nd3+ Kd6 45.Nb4 Ke5 46.Rd1 Rc8 47.Rd4 Kd6 48.g4 fxg4 49.fxg4 Rc1 50.Nxd5 exd5
51.g5 hxg5 52.hxg5 Rg1 53.Kf4 Kc5 54.Rd2 d4 55.Kf5 Kc4 56.g6 d3 57.Kf6 Kd4
58.g7 Ke3 59.Rd1 Rg2 60.Re1+ Kd2 61.Re5 Kc2 62.Rc5+ Kxb2 63.Rxb5+ Kxa3 64.Rd5 Rxg7
65.Kxg7 Kb2 66.Rxd3 a3 67.Rxa3 Kxa3  1/2-1/2

[Event "38th ch-IND w Challengers"]
[Site "Chennai IND"]
[Date "2011.07.04"]
[Round "4"]
[White "Varshini,V"]
[Black "Lasya,G"]
[Result "1-0"]
[WhiteElo "1776"]
[BlackElo "1898"]

1.e4 c5 2.Nf3 d6 3.Bb5+ Bd7 4.Bxd7+ Qxd7 5.Nc3 Nc6 6.d3 g6 7.O-O Bg7 8.Be3 Nf6
9.h3 O-O 10.Qd2 Rab8 11.Bh6 b5 12.Bxg7 Kxg7 13.Ne2 e5 14.Ng3 h6 15.Nh2 d5
16.Rad1 Rbd8 17.Qe1 Qe7 18.c3 dxe4 19.dxe4 Rxd1 20.Qxd1 Qe6 21.a3 Na5 22.Qe2 Qc4
23.Qe3 Rd8 24.Nf3 Nc6 25.Rc1 Rd3 26.b3 Rxe3 27.bxc4 Rxf3 28.gxf3 bxc4 29.Rd1 Nb8
30.Rb1 Nfd7 31.Rb7 a6 32.Nf1 Kf6 33.Ne3 Ke6 34.Nxc4 Nc6 35.a4 f5 36.Ne3 fxe4
37.fxe4 Nf6 38.f3 Nh5 39.Rb6 Kd7 40.Rxa6 Nf4 41.Kh2 Ne6 42.Nd5 c4 43.Rb6 h5
44.Nb4 Na5 45.Rb5 Nb3 46.Rxe5 Nec5 47.a5 Kc7 48.a6 Na4 49.a7 Nb6 50.Rb5  1-0

[Event "39th TCh-GRE"]
[Site "Eretria GRE"]
[Date "2011.07.04"]
[Round "2.14"]
[White "Ungure,L"]
[Black "Stefanidi,M1"]
[Result "0-1"]
[WhiteElo "2101"]
[BlackElo "2055"]

1.e4 c5 2.Nf3 d6 3.Bb5+ Bd7 4.Bxd7+ Qxd7 5.c4 Nf6 6.Nc3 e6 7.O-O Nc6 8.d4 cxd4
9.Nxd4 Be7 10.Be3 O-O 11.Re1 Ne5 12.Qe2 Rac8 13.b3 d5 14.exd5 exd5 15.Red1 dxc4
16.bxc4 Nxc4 17.Ndb5 Qe6 18.Nxa7 Rcd8 19.Bd4 Ba3 20.Qxe6 fxe6 21.Rab1 e5
22.Bb6 Rxd1+ 23.Nxd1 Nd5 24.Be3 Ncxe3 25.Nxe3 Nxe3 26.fxe3 Bc5 27.Nb5 Bxe3+
28.Kh1 b6 29.g3 Bc5 30.Re1 Rf5 31.Re2 Kf7 32.Kg2 Ke6 33.h4 Rf7 34.Nc3 Bd4
35.Ne4 h6 36.Nd2 Kd5 37.Ne4 Rf8 38.Kh3 Kc4 39.Kg4 Kd3 40.Re1 Ra8 41.Kh5 Rxa2
42.Kg6 Ra7 43.Nd6 Rd7 44.Nf5 e4 45.Nxd4 Rxd4 46.Kxg7 e3 47.Kxh6 Rg4 48.h5 e2
49.Kh7 Kd2 50.Ra1 e1=Q 51.Rxe1 Kxe1 52.h6 Rxg3 53.Kh8 b5 54.h7 Rh3  0-1

[Event "39th TCh-GRE"]
[Site "Eretria GRE"]
[Date "2011.07.04"]
[Round "2"]
[White "Managadze,N"]
[Black "Antoniewski,R"]
[Result "0-1"]
[WhiteElo "2470"]
[BlackElo "2586"]

1.e4 c5 2.Nf3 d6 3.Bb5+ Nd7 4.O-O Nf6 5.Re1 a6 6.Bxd7+ Bxd7 7.e5 dxe5 8.Nxe5 Be6
9.Nc3 g6 10.Qf3 Rb8 11.Nd3 Qd6 12.Nf4 Bd7 13.d4 cxd4 14.Nfd5 Nh5 15.Bf4 Qc6
16.Bxb8 dxc3 17.bxc3 f6 18.g4 Bxg4 19.Nc7+ Qxc7 20.Qxg4 Qxb8 21.Rad1 Kf7
22.Qc4+ Kg7 23.Rd7 Kh6 24.Re6 Nf4 25.Re4 b5 26.Qc6 g5 27.Qxa6 Nh3+ 28.Kg2 Nf4+
29.Kg1 Ng6 30.Qe6 Qa8 31.Rdd4 Qa3 32.h4 Qc1+ 33.Re1 Qxc2 34.hxg5+ fxg5 35.Re3 Kg7
36.Rf3 Rg8 37.Qf7+ Kh8 38.Rd8 Ne5 39.Qd5 Nxf3+ 40.Qxf3 Qc1+ 41.Kg2 Qf4  0-1

[Event "1st ch-CHN Rapid Men Prelim"]
[Site "Hefei CHN"]
[Date "2011.07.04"]
[Round "5.7"]
[White "Wang Chen"]
[Black "Zhou Jianchao"]
[Result "1-0"]
[WhiteElo "2449"]
[BlackElo "2636"]

1.e4 c5 2.Nf3 d6 3.Bb5+ Nd7 4.O-O a6 5.Bxd7+ Bxd7 6.Re1 e5 7.c3 c4 8.b3 b5
9.a4 Rc8 10.axb5 axb5 11.d4 cxd3 12.Qxd3 Qc7 13.Bd2 Nf6 14.Na3 Qb8 15.c4 bxc4
16.Nxc4 Be6 17.Ra6 Bxc4 18.bxc4 Be7 19.Rb1 Qc7 20.c5 dxc5 21.Qb5+ Qd7 22.Qxd7+ Nxd7
23.Rb7 c4 24.Raa7 Bc5 25.Rxd7 Bxa7 26.Rxa7 c3 27.Bc1 O-O 28.Kf1 Rfd8 29.Ke2 f6
30.Ra4 c2 31.Nd2 Rd7 32.Ra3 Kf7 33.Rd3 Rb7 34.Nf1 Ra8 35.Kd2 Ra1 36.Ng3 Kg6
37.Ne2 Rc7 38.Nc3 Ra8 39.Bb2 Rb8 40.Kxc2 Rb4 41.f3 Rd4 42.Bc1 Rxd3 43.Kxd3 Kf7
44.Bd2 Ra7 45.Nd1 Ra2 46.Ne3 Ra3+ 47.Bc3 Ra2 48.Nc2 Ra8 49.Bb4 Rd8+ 50.Ke2 Rc8
51.Ne1 Ra8 52.Nd3 Ra2+ 53.Bd2 Ke6 54.g3 g5 55.Ke3 Ra3 56.Bc1 Rb3 57.Ke2 Rc3
58.Kd2 Rc4 59.Bb2 Kf7 60.Bxe5 g4 61.fxg4 Rxe4 62.Bf4 Ra4 63.Ke3 Kg6 64.h4 h5
65.gxh5+ Kxh5 66.Nc5 Rc4 67.Ne4 f5 68.Nd6 Rc5 69.Kd4 Ra5 70.Nb7 Ra8 71.Ke5 Kg4
72.Nd6 Ra3 73.Kf6 Ra8 74.Nf7 Ra6+ 75.Kg7 Kh5 76.Nd6 Kg4 77.Kg6 Ra5 78.h5  1-0

[Event "1st ch-CHN Rapid Men Prelim"]
[Site "Hefei CHN"]
[Date "2011.07.04"]
[Round "5.10"]
[White "Ni Hua"]
[Black "Fang,Yan"]
[Result "1-0"]
[WhiteElo "2662"]
[BlackElo "2265"]

1.Nf3 c5 2.e4 d6 3.Bb5+ Nd7 4.d4 cxd4 5.Qxd4 a6 6.Bxd7+ Bxd7 7.Bg5 Nf6 8.O-O Bc6
9.Bxf6 gxf6 10.c4 Rg8 11.Nc3 Qd7 12.g3 f5 13.Nd5 fxe4 14.Qxe4 Bxd5 15.cxd5 Bg7
16.Qxh7 Kf8 17.Rac1 Rc8 18.b3 Rc5 19.Rxc5 dxc5 20.Qe4 Bf6 21.Re1 Rg4 22.Ne5 Bxe5
23.Qxe5 Qd6 24.Qf5 Rd4 25.Qc8+ Kg7 26.Qxb7 Kf6 27.h4 Rd3 28.Kg2 Qxd5+ 29.Qxd5 Rxd5
30.Re2 e5 31.Kf3 a5 32.Rc2 Ke6 33.Ke3 f5 34.Rd2 Rxd2 35.Kxd2 f4 36.gxf4 exf4
37.Ke2 Kd5  1-0

[Event "TCh-TUR 2011"]
[Site "Konya TUR"]
[Date "2011.07.04"]
[Round "7"]
[White "Ersoz,B"]
[Black "Arat,Uf"]
[Result "1-0"]
[WhiteElo "1789"]
[BlackElo "2053"]

1.e4 c5 2.Nf3 d6 3.Bb5+ Bd7 4.Bxd7+ Nxd7 5.O-O Ngf6 6.Nc3 g6 7.Re1 Bg7 8.h3 O-O
9.d3 e5 10.Be3 Nb8 11.Qd2 Nc6 12.Bg5 Qd7 13.Bh6 Nd4 14.Nxd4 cxd4 15.Ne2 d5
16.Bxg7 Kxg7 17.Qg5 dxe4 18.Qxe5 exd3 19.cxd3 Rfe8 20.Qf4 Rad8 21.Rac1 Qd5
22.Ng3 b5 23.a3 a5 24.Qd2 a4 25.Qf4 h6 26.Qd2 Qb3 27.h4 Rxe1+ 28.Rxe1 Rc8
29.h5 Rc2 30.Qf4 Qxd3 31.hxg6 Qxg6 32.Qxd4 Rc4 33.Qe5 Rg4 34.Qxb5 h5 35.Nf5+ Kh7
36.Ne3 Rg5 37.Qf1 h4 38.Rc1 Ne4 39.Rc4 h3 40.g4 Kg7 41.Qxh3 Nd2 42.Nf5+ Qxf5
43.Qc3+ f6 44.Qxd2 Rxg4+ 45.Rxg4+ Qxg4+ 46.Kf1 Qc4+ 47.Ke1 Qe4+ 48.Kd1 Qb1+
49.Ke2 Qe4+ 50.Qe3 Qc2+ 51.Kf3 Qc4 52.Qe7+ Kg6 53.Qe4+ Qxe4+ 54.Kxe4 Kg5
55.f3 Kh4 56.Kf5 Kg3 57.Kxf6  1-0

[Event "TCh-TUR 2011"]
[Site "Konya TUR"]
[Date "2011.07.04"]
[Round "7"]
[White "Duman,A"]
[Black "Erdogdu,M"]
[Result "1/2-1/2"]
[WhiteElo "2188"]
[BlackElo "2434"]

1.e4 c5 2.Nf3 d6 3.Bb5+ Nc6 4.O-O Bd7 5.c3 Nf6 6.Re1 a6 7.Bxc6 Bxc6 8.d4 Bxe4
9.Bg5 Bc6 10.Bxf6 gxf6 11.d5 Bd7 12.Nbd2 Bg7 13.Qe2 f5 14.Qe3 h5 15.Nc4 Kf8
16.Qf4 b5 17.Ne3 Bh6 18.Qh4 f4 19.Nf1 Bg4 20.h3 Bxf3 21.gxf3 e5 22.Qxd8+ Rxd8
23.Nd2 Ke7 24.a4 Rd7 25.axb5 axb5 26.Ra6 c4 27.Rb6 Ra8 28.Rxb5 Rc7 29.Ne4 Ra6
30.Rb8 f5 31.Nd2 Ra5 32.Rb4 Rxd5 33.Nxc4 Rdc5 34.Nd2 Kf6 35.c4 Bf8 36.Rb6 Ra5
37.b3 Ra2 38.Nb1 Ra1 39.Kf1 Kg5 40.Rb8 Rf7 41.Nc3 Rxe1+ 42.Kxe1 Kh4 43.b4 Kxh3
44.Kf1 e4 45.b5 Bg7 46.Nd5 exf3 47.b6 Bd4 48.Nxf4+ Kh4 49.Rg8 Bxb6 50.Rg3 Rf6
51.Nd5 Rf7 52.Nf4 Rf6 53.Ng6+ Rxg6 54.Rxg6 Bc5 55.Rg3 f4 56.Rxf3 Kg4 57.Kg2 h4
58.Rd3 h3+ 59.Rxh3 Kf5 60.Rd3 Ke4 61.Rd5 f3+ 62.Kg3 Bd4 63.Kg4 Bxf2 64.Rxd6 Bd4
65.Re6+ Kd3 66.Kxf3 Kxc4 67.Ke4 Bf2 68.Rc6+  1/2-1/2

[Event "TCh-TUR 2011"]
[Site "Konya TUR"]
[Date "2011.07.04"]
[Round "7"]
[White "Deviren,E"]
[Black "Uzun,S"]
[Result "0-1"]
[WhiteElo "1927"]
[BlackElo "1967"]

1.e4 c5 2.Nf3 d6 3.Bb5+ Nd7 4.d4 Nf6 5.O-O a6 6.Bxd7+ Nxd7 7.c4 cxd4 8.Nxd4 e6
9.Nc3 Be7 10.Be3 O-O 11.Rc1 Ne5 12.b3 Bd7 13.a4 Nc6 14.Qd2 Rb8 15.Rfd1 Re8
16.h3 Bf8 17.f4 h6 18.Qf2 Nxd4 19.Rxd4 b5 20.axb5 axb5 21.Rcd1 bxc4 22.bxc4 Qa5
23.Qc2 Rec8 24.Kh1 Rb4 25.Ne2 Qc7 26.Rc1 Rcb8 27.Bd2 Rb2 28.Qd3 Bc6 29.Bc3 R2b3
30.Qc2 Qb7 31.Ng3 g6 32.Rdd1 Bg7 33.e5 dxe5 34.fxe5 Qc7 35.Re1 Ba4 36.Qe2 Bc6
37.Qc2 Qb7 38.Red1 h5 39.Re1 Bh6 40.Rcd1 Bxg2+ 41.Qxg2 Qxg2+ 42.Kxg2 Rxc3
43.Re2 Rxc4 44.Ne4 Bg7 45.Nd6 Rc7 46.Rf1 Rf8 47.Rf3 Rd7 48.Nc4 Rd5 49.Nb6 Rb5
50.Nc4 Rc5 51.Nb6 Rd8 52.Ref2 Rc7 53.Re2 Rb8 54.Na4 Rb5 55.Rfe3 Ra5 56.Nb2 Rcc5
57.Nd3 Rc3 58.Kf3 Bh6 59.Nf4 Rxe3+ 60.Rxe3 Ra4 61.Re4 Rxe4 62.Kxe4 Bxf4 63.Kxf4 Kg7
64.Kg5 f6+ 65.exf6+ Kf7 66.h4 e5  0-1

[Event "TCh-TUR 2011"]
[Site "Konya TUR"]
[Date "2011.07.04"]
[Round "7"]
[White "Solak,D"]
[Black "Kulaots,K"]
[Result "1/2-1/2"]
[WhiteElo "2588"]
[BlackElo "2607"]

1.e4 c5 2.Nf3 d6 3.Bb5+ Bd7 4.Bxd7+ Qxd7 5.O-O Nf6 6.e5 dxe5 7.Nxe5 Qc8 8.Qf3 e6
9.d3 Be7 10.Nc3 O-O 11.Bf4 Nfd7 12.Qg3 Nc6 13.Nxc6  1/2-1/2

[Event "TCh-TUR 2011"]
[Site "Konya TUR"]
[Date "2011.07.04"]
[Round "8"]
[White "Zimina,O"]
[Black "Dzagnidze,N"]
[Result "1/2-1/2"]
[WhiteElo "2346"]
[BlackElo "2557"]

1.e4 c5 2.Nf3 d6 3.Bb5+ Nc6 4.O-O Bd7 5.Re1 Nf6 6.h3 e5 7.c3 Be7 8.d4 cxd4
9.cxd4 O-O 10.Nc3 Nxd4 11.Nxd4 exd4 12.Qxd4 Bxb5 13.Nxb5 d5 14.e5 Ne4 15.Be3 Qd7
16.Nc3 Nxc3 17.Qxc3 Rac8 18.Qd3 b6 19.Rac1 Rfd8 20.Rxc8 Rxc8 21.Rd1 Rd8 22.a3 Qa4
23.Bd4 Bg5 24.Qe2 Be7 25.Qg4 Bf8 26.Rc1 h5 27.Qh4 Re8 28.g3 Be7 29.Qf4 Bg5
30.Qxg5 Qxd4 31.Qxh5 g6 32.Qf3 Qxe5 33.Rd1 Rd8 34.b4 Kg7 35.Qe3 Kf6 36.Qf3+ Ke7
37.Kf1 Kf8 38.Re1 Qd6 39.Qe3 d4 40.Qe5 Qxe5 41.Rxe5 Rc8 42.Rd5 Rc3 43.Rxd4 Rxa3
44.Rd7 b5 45.Kg2 a6 46.h4 Kg7 47.Rd6 Ra4 48.Kf3 Ra3+ 49.Kg4 Ra4 50.Kf3 Ra3+
51.Kg4 Ra4 52.Kf3  1/2-1/2

[Event "10th La Fere Open"]
[Site "La Fere FRA"]
[Date "2011.07.04"]
[Round "3.43"]
[White "Tawegoum,Ivan"]
[Black "Lapersonne,P"]
[Result "1-0"]
[WhiteElo "1640"]
[BlackElo "1524"]

1.e4 c5 2.Nf3 d6 3.Bb5+ Bd7 4.Bxd7+ Qxd7 5.O-O Nf6 6.e5 Nd5 7.exd6 exd6 8.Nc3 Nf6
9.Re1+ Be7 10.d4 cxd4 11.Nxd4 O-O 12.Bf4 Nc6 13.Nxc6 bxc6 14.Rxe7 Qxe7 15.Bxd6 Qd7
16.Bxf8 Qxd1+ 17.Rxd1 Kxf8 18.Rd6 Rc8 19.f3 Nd5 20.Nxd5 cxd5 21.Rxd5 Rxc2
22.Rb5 Ke7 23.Rb7+ Ke6 24.a3 a5 25.a4 g6 26.Rb5 h5 27.b3 Rb2 28.h4 f6 29.Kh2 Kd6
30.Kg3 Kc6 31.Rxa5 Rxb3 32.Ra6+ Kc5 33.Rxf6 Rb6 34.Rxb6 Kxb6 35.Kf4  1-0

[Event "9th Niki Open"]
[Site "Nachod CZE"]
[Date "2011.07.04"]
[Round "3.1"]
[White "Kislinsky,A"]
[Black "Horak,Ji1"]
[Result "1-0"]
[WhiteElo "2521"]
[BlackElo "2256"]

1.e4 c5 2.Nf3 d6 3.Bb5+ Bd7 4.Bxd7+ Qxd7 5.O-O Nc6 6.c3 Nf6 7.d4 cxd4 8.cxd4 Nxe4
9.d5 Nd8 10.Re1 Nf6 11.Bg5 e6 12.Bxf6 gxf6 13.Nc3 Be7 14.Nd4 e5 15.Qh5 Rg8
16.Ne4 Qg4 17.Qxg4 Rxg4 18.Nb5 Kf8 19.Rac1 a6 20.Nbxd6 Bxd6 21.Nxd6 Rd4 22.Nc8 a5
23.Rc7 Ra6 24.Ne7 Rd2 25.h3 Rd6 26.Re4 Ke8 27.Nf5 Rd7 28.d6 Nc6 29.Rh4 Rxc7
30.dxc7 Kd7 31.Rxh7 Kxc7 32.Rxf7+ Kb6 33.h4 Rxb2 34.h5 Rxa2 35.Nd6 Ra1+ 36.Kh2 Rd1
37.Rxf6 Rd4 38.Nf5 Rd8 39.g4 a4 40.Nd6 Ka6 41.Nf7 Rf8 42.h6 a3 43.Rf3 Rxf7
44.Rxf7 a2 45.h7 a1=Q 46.h8=Q Kb6 47.Qc8 Qa6 48.Qc7+ Ka7 49.g5 Qb5 50.g6 e4
51.g7 e3 52.Qxb7+ Qxb7 53.Rxb7+ Kxb7 54.g8=Q  1-0

[Event "38th ch-IND w Challengers"]
[Site "Chennai IND"]
[Date "2011.07.05"]
[Round "5"]
[White "Akshaya,A"]
[Black "Minki,S"]
[Result "1-0"]
[WhiteElo "1966"]
[BlackElo "1851"]

1.e4 c5 2.Nf3 d6 3.Bb5+ Bd7 4.Bxd7+ Qxd7 5.O-O Nc6 6.c3 Nf6 7.Re1 e6 8.d3 Be7
9.Nbd2 O-O 10.Nf1 Rfd8 11.Ng3 b5 12.d4 c4 13.Qe2 d5 14.e5 Ne8 15.Ng5 Bxg5
16.Bxg5 Ne7 17.Qg4 Rdb8 18.Nh5 Ng6 19.Bd2 a5 20.a3 Qe7 21.g3 Rb6 22.Re2 f5
23.exf6 Nxf6 24.Nxf6+ Qxf6 25.Rae1 Re8 26.f4 Nf8 27.Re5 Qf7 28.Qe2 Rd6 29.f5 g6
30.g4 gxf5 31.gxf5 Qg7+ 32.Kh1 Kf7 33.Qh5+ Ke7 34.f6+ Qxf6 35.Bg5 Qxg5 36.Rxg5 Kd8
37.Rg7 Re7 38.Rxe7 Kxe7 39.Rf1 Kd8 40.Rxf8+ Kc7 41.Qe8 Rd7 42.Qb8+ Kc6 43.Rc8+  1-0

[Event "38th ch-IND w Challengers"]
[Site "Chennai IND"]
[Date "2011.07.05"]
[Round "6"]
[White "Varshini,V"]
[Black "Nlv,A"]
[Result "0-1"]
[WhiteElo "1776"]
[BlackElo "2010"]

1.e4 c5 2.Nf3 d6 3.Bb5+ Bd7 4.Bxd7+ Qxd7 5.Nc3 Nf6 6.d3 e6 7.O-O Be7 8.Be3 O-O
9.h3 Nc6 10.Nh2 d5 11.exd5 exd5 12.Bg5 d4 13.Bxf6 Bxf6 14.Ne4 Be7 15.f4 f5
16.Nd2 Bd6 17.Qf3 Bc7 18.Rae1 Rae8 19.Qf2 Nb4 20.Nb3 b6 21.a3 Nd5 22.g3 Ne3
23.Nd2 Nxf1 24.Nhxf1 Rxe1 25.Qxe1 Re8 26.Qf2 Qe6 27.Qf3 b5 28.b3 Ba5 29.b4 cxb4
30.Nb3 bxa3 31.Nxa5 a2 32.Nb3 Qxb3 33.cxb3 a1=Q 34.Qd5+ Kh8 35.Qxb5 Qe1 36.Qxf5 h6
37.h4 Qe6 38.Qb5 Rc8 39.f5 Qe7 40.Qd5 Rc1 41.Qf3 Qe3+ 42.Qxe3 dxe3 43.Kg2 e2  0-1

[Event "5th Varna Open"]
[Site "Golden Sands BUL"]
[Date "2011.07.05"]
[Round "3"]
[White "Georgiev,B"]
[Black "Idrisov,T"]
[Result "0-1"]
[WhiteElo "2263"]
[BlackElo "2225"]

1.e4 c5 2.Nf3 d6 3.Bb5+ Bd7 4.Bxd7+ Qxd7 5.c4 Nf6 6.Nc3 g6 7.d4 cxd4 8.Nxd4 Bg7
9.f3 O-O 10.Be3 Rc8 11.b3 e6 12.Rc1 a6 13.O-O Qc7 14.Qd2 Nbd7 15.Rfd1 Bf8
16.Nde2 Rd8 17.Nf4 Rac8 18.h3 Be7 19.Qe2 Qa5 20.Qd2 Qc7 21.Nd3 Qb8 22.a4 Nc5
23.Rb1 Qc7 24.Qf2 Nfd7 25.Nxc5 Nxc5 26.Bd4 Nd7 27.Kh1 Qa5 28.Qd2 Qh5 29.Ne2 g5
30.Ng3 Qh4 31.Bf2 Qh6 32.Nf1 Qg6 33.Ne3 h5 34.Qe2 Kh7 35.Bg3 Ne5 36.Bxe5 dxe5
37.Rxd8 Rxd8 38.Rd1 Qg8 39.g4 Bc5 40.Rd3 h4 41.Nc2 a5 42.Qd2 Rxd3 43.Qxd3 Qg6
44.Qd7 Qf6 45.Qd3 Qf4 46.Qd1 Bf2 47.Kg2 Qg3+ 48.Kf1 Bc5 49.Ke2 Qg2+ 50.Kd3 Qxh3
51.Ne3 Qg3 52.Nf1 Qf2 53.Qe2 Qd4+ 54.Kc2 Qa1 55.f4 Qa2+ 56.Kd1 Qb1+ 57.Kd2 Bb4+
58.Ke3 Qxb3+ 59.Kf2 Bc5+ 60.Kg2 exf4 61.e5 Qxa4 62.Nd2 Qc2 63.Qe4+ Qxe4+
64.Nxe4 Be7 65.c5 a4 66.Nd6 a3 67.Nxb7 a2  0-1

[Event "Karvina Open"]
[Site "Karvina CZE"]
[Date "2011.07.05"]
[Round "4.9"]
[White "Neumann,J"]
[Black "Jaworski,Mi"]
[Result "0-1"]
[WhiteElo "2135"]
[BlackElo "2337"]

1.e4 c5 2.Nf3 d6 3.Bb5+ Bd7 4.Bxd7+ Qxd7 5.O-O Nf6 6.Re1 Nc6 7.c4 g6 8.d4 cxd4
9.Nxd4 Bg7 10.Nc3 O-O 11.Nde2 Qe6 12.Nd5 Qxe4 13.Nec3 Qxc4 14.Nxe7+ Nxe7
15.Rxe7 Rfe8 16.Rxb7 Nd5 17.Bd2 Nxc3 18.bxc3 Re2 19.Rab1 Rae8 20.Rb8 h5 21.Rxe8+ Rxe8
22.Qc2 Re2 23.Re1 Bh6  0-1

[Event "TCh-TUR 2nd League 2011"]
[Site "Konya TUR"]
[Date "2011.07.05"]
[Round "2"]
[White "Tasdelen,D"]
[Black "Tahaoglu,Ugur Barkin"]
[Result "1-0"]
[WhiteElo "2069"]
[BlackElo "1857"]

1.e4 c5 2.Nf3 d6 3.Bb5+ Bd7 4.Bxd7+ Qxd7 5.O-O Nf6 6.Re1 Nc6 7.c3 e6 8.d4 cxd4
9.cxd4 d5 10.e5 Ne4 11.Nbd2 Nxd2 12.Bxd2 Be7 13.Rc1 O-O 14.Rc3 Rfc8 15.a3 Rc7
16.h4 Rac8 17.h5 Bd8 18.Rd3 a5 19.Ng5 Bxg5 20.Bxg5 Ne7 21.h6 g6 22.Qf3 Qe8
23.g4 Nc6 24.Qf6 Qf8 25.Rc1 Nb8 26.Rxc7 Rxc7 27.Rb3 Nc6 28.Rc3 a4 29.Bd2 Rc8
30.g5  1-0

[Event "TCh-TUR 2011"]
[Site "Konya TUR"]
[Date "2011.07.05"]
[Round "9"]
[White "Vatansever,Berk"]
[Black "Bulduk,I"]
[Result "0-1"]
[WhiteElo "1717"]
[BlackElo "1764"]

1.e4 c5 2.Nf3 d6 3.Bb5+ Nc6 4.O-O Nf6 5.Re1 e6 6.c3 Be7 7.Bf1 O-O 8.d3 a6
9.Nbd2 b5 10.g3 Bb7 11.Nh4 d5 12.f4 d4 13.c4 Rb8 14.Ng2 Nd7 15.Be2 Nb6 16.b3 Ba8
17.Nf3 Nd7 18.Rf1 bxc4 19.bxc4 Qc7 20.Nd2 Qa5 21.a3 Nb6 22.Nb1 Qa4 23.Nd2 Na5
24.Ne1 Bc6 25.Ra2 Qxd1 26.Bxd1 Ba4 27.Be2 Bb3 28.Nxb3 Nxb3 29.Bd2 Nxd2 30.Rxd2 Na4
31.Nf3 f6 32.Ra1 Rb3 33.Bd1 Rfb8 34.Bxb3 Rxb3 35.Kf2 Bd8 36.Rdd1 Nc3 37.Rd2 Ba5
38.Rc2 Nb1 39.Rc1 Nxa3 40.Ke2 Rb2+ 41.Kf1 Bb4 42.h4 a5 43.h5 Nc2 44.Rab1 Ne3+
45.Kg1 Rg2+ 46.Kh1 Rxg3 47.Nh2 Rh3 48.Rg1 Rxh5 49.Rg3 f5 50.e5 Ng4 51.Rg2 a4
52.Kg1 Ne3 53.Rf2 a3 54.Re2 Rh3 55.Rf2 Ng4 56.Nxg4 fxg4 57.Rd1 Bc3 58.f5 exf5
59.e6 Re3 60.Rxf5 Rxe6 61.Rxc5 Ra6 62.Rf1 Ra8 63.Rg5 a2 64.Rxg4 a1=Q 65.Rxa1 Rxa1+
66.Kf2 Rd1 67.c5 Rxd3  0-1

[Event "9th Niki Open"]
[Site "Nachod CZE"]
[Date "2011.07.05"]
[Round "4.37"]
[White "Chmelar,Vitezslav"]
[Black "Zoubek,D"]
[Result "0-1"]
[WhiteElo "1930"]
[BlackElo "1680"]

1.e4 c5 2.Nf3 d6 3.Bb5+ Bd7 4.Bxd7+ Qxd7 5.O-O Nc6 6.d3 g6 7.c3 Bg7 8.d4 cxd4
9.cxd4 Nf6 10.d5 Nb4 11.Nc3 O-O 12.Re1 Rac8 13.Be3 Nxe4 14.Nxe4 Nc2 15.Bd4 Nxe1
16.Nxe1 Bxd4 17.Qxd4 Qb5 18.Nd3 Rc4 19.Qe3 Qxd5 20.Nc3 Qd4 21.Re1 Qxe3 22.Rxe3 e6
23.Nb5 d5 24.b3 Rc2 25.a4 Rfc8 26.g3 a6 27.Nd4 Rd2 28.Nf3 Rd1+ 29.Nde1 d4
30.Rd3 Rxd3 31.Nxd3 Rc3 32.Nfe1 Rxb3 33.Kf1 Ra3 34.Nc5 b6 35.Nd7 d3 36.Nf3 Ra1+
37.Kg2 d2 38.Nxd2 Rd1 39.Nf6+ Kg7 40.Nfe4 f5  0-1

[Event "86th ch-Paris IdF"]
[Site "Paris FRA"]
[Date "2011.07.05"]
[Round "4.6"]
[White "Larsen,Ka"]
[Black "Guliyev,N"]
[Result "0-1"]
[WhiteElo "2323"]
[BlackElo "2549"]

1.e4 c5 2.Nf3 d6 3.Bb5+ Nd7 4.O-O Nf6 5.Re1 a6 6.Bf1 Ne5 7.Nxe5 dxe5 8.a4 g6
9.Na3 Bg4 10.Be2 Be6 11.Bf1 Qc7 12.d3 Rd8 13.Qe2 Bg7 14.Bd2 O-O 15.Bc3 b6
16.g3 Nd7 17.Bg2 Nb8 18.Rf1 Nc6 19.f4 exf4 20.Bxg7 f3 21.Rxf3 Kxg7 22.Qe1 f6
23.Rf2 Ne5 24.b3 Rb8 25.Nb1 Rfd8 26.Nd2 b5 27.axb5 axb5 28.Ra6 Bf7 29.Qa1 c4
30.d4 c3 31.Nf3 Nxf3+ 32.Rxf3 Rxd4 33.Qxc3 Qe5 34.Rd3 Rxd3 35.Qxd3 Rc8 36.Ra2 Rc3
37.Qd2 b4 38.Qf2 Be8 39.Qf4 Qd4+ 40.Qf2 Re3 41.Bf3 Bc6 42.c3 bxc3 43.Re2 Qd5  0-1

[Event "39th TCh-GRE"]
[Site "Eretria GRE"]
[Date "2011.07.06"]
[Round "5.14"]
[White "Olsarova,K"]
[Black "Ungure,L"]
[Result "1-0"]
[WhiteElo "2282"]
[BlackElo "2101"]

1.e4 c5 2.Nf3 d6 3.Bb5+ Bd7 4.Bxd7+ Qxd7 5.c4 Nc6 6.d4 cxd4 7.Nxd4 Nf6 8.Nc3 e6
9.Be3 Be7 10.f3 O-O 11.Nde2 d5 12.cxd5 exd5 13.Nxd5 Nxd5 14.Qxd5 Qxd5 15.exd5 Nb4
16.Rd1 Rfd8 17.Nc3 Bf6 18.d6 Bxc3+ 19.bxc3 Nxa2 20.Rd3 Rac8 21.Kd2 Nxc3 22.Rxc3 Rxd6+
23.Rd3 Ra6 24.Rc1 Ra2+ 25.Kd1 Re8 26.Rd2 Ra3 27.Bc5 Ra4 28.Rd7 b6 29.Bd4 Ra2
30.Rc2 Rxc2 31.Kxc2 f6 32.Kd3 Ra8 33.Rb7 h6 34.g3 Kh8 35.Ke4 Kh7 36.Bxf6 Kg6
37.Bd4 h5 38.Rxg7+ Kh6 39.Rc7 b5 40.Kf5 Rf8+ 41.Bf6 a5 42.g4  1-0

[Event "TCh-TUR 2nd League 2011"]
[Site "Konya TUR"]
[Date "2011.07.06"]
[Round "4"]
[White "Tasdelen,D"]
[Black "Ziaziulkina,N"]
[Result "1/2-1/2"]
[WhiteElo "2069"]
[BlackElo "2291"]

1.e4 c5 2.Nf3 d6 3.Bb5+ Nd7 4.O-O a6 5.Bxd7+ Bxd7 6.d4 cxd4 7.Qxd4 Rc8 8.Nc3 e5
9.Qd3 h6 10.a4 Qc7 11.Be3 Nf6 12.h3 Be7 13.Nd2 O-O 14.f4 exf4 15.Rxf4 Be6
16.Bd4 Nd7 17.Qg3 Ne5 18.Rf2 Qa5 19.Kh1 Rfe8 20.Raf1 Bf8 21.Be3 Kh8 22.Nb3 Qb4
23.Nd4 Qxb2 24.Bd2 Qb4 25.Nf5 Bxf5 26.exf5 Nc4 27.Nd5 Qc5 28.Bxh6 Qxd5 29.Bxg7+ Bxg7
30.Qh4+ Kg8 31.f6 Qe4 32.Rf4 Qh7 33.Rxc4 Qxh4 34.Rxh4 Bh8 35.Rg4+ Kf8 36.Rh4 Bxf6
37.Rxf6 Re1+ 38.Kh2 Ke7 39.Rhf4 Rf8 40.Rf2 Re4 41.R6f4 Rxf4 42.Rxf4 Rc8 43.Rb4 b5
44.axb5 axb5 45.Rxb5 Rxc2 46.h4 Kf6 47.Kg3 Rc4 48.h5 Re4 49.Kf3 Rd4 50.g4 d5
51.h6 Kg6 52.Rb6+ f6 53.h7 Kxh7 54.Rxf6 Kg7 55.Rd6 Kf7 56.Ke3 Re4+ 57.Kd3 Rxg4  1/2-1/2

[Event "TCh-TUR 2011"]
[Site "Konya TUR"]
[Date "2011.07.06"]
[Round "10"]
[White "Duman,A"]
[Black "Secer,A"]
[Result "1-0"]
[WhiteElo "2188"]
[BlackElo "2329"]

1.e4 c5 2.Nf3 d6 3.Bb5+ Nd7 4.d4 Nf6 5.Nc3 cxd4 6.Qxd4 e5 7.Qd3 h6 8.Be3 a6
9.Bc4 b5 10.Bd5 Rb8 11.O-O-O b4 12.Qc4 Nxd5 13.Nxd5 Rb7 14.Qc6 f6 15.Bb6 Rxb6
16.Nxb6 Qxb6 17.Qxc8+ Ke7 18.Nh4  1-0